Sentiment improves after tough first quarter (Record no. 83197)
[ view plain ]
| 000 -LEADER | |
|---|---|
| fixed length control field | 00977cab a22001935a 4500 |
| 001 - CONTROL NUMBER | |
| control field | L153126 |
| 008 - FIXED-LENGTH DATA ELEMENTS--GENERAL INFORMATION | |
| fixed length control field | 110610e2011 xxk 000 0 eng d |
| 035 ## - SYSTEM CONTROL NUMBER | |
| System control number | (Sirsi) u153126 |
| 041 0# - LANGUAGE CODE | |
| Language code of text/sound track or separate title | eng |
| 100 1# - MAIN ENTRY--PERSONAL NAME | |
| Personal name | Phillips, Mike |
| 245 00 - TITLE STATEMENT | |
| Title | Sentiment improves after tough first quarter |
| 260 ## - PUBLICATION, DISTRIBUTION, ETC. | |
| Date of publication, distribution, etc. | 2011 |
| 490 #0 - SERIES STATEMENT | |
| Series statement | Property Week |
| Volume/sequential designation | 77(22) 3 June 2011, 20-21(2) |
| 520 ## - SUMMARY, ETC. | |
| Summary, etc. | The latest Lloyds Bank Corporate Markets' "Commercial Property Confidence Monitor" reveals greater confidence in the UK commercial property sector in Q2 2011 and a growing consensus that the market is heading for a sustained recovery. Attitudes of companies to cash reserves have polarised. Small, medium-sized and large businesses see house building and out-of-town retail are seen as the best performing sectors over the next three to six months. |
| 590 ## - LOCAL NOTE (RLIN) | |
| Local note | KA |
| 651 #4 - SUBJECT ADDED ENTRY--GEOGRAPHIC NAME | |
| Geographic name | United Kingdom |
| Chronological subdivision | |
| 690 ## - LOCAL SUBJECT ADDED ENTRY--TOPICAL TERM (OCLC, RLIN) | |
| Topical term or geographic name as entry element | PROPERTY-COMMERCIAL PROPERTY-COMMERCIAL PROPERTY FINANCE AND INVESTMENT |
| 942 ## - ADDED ENTRY ELEMENTS (KOHA) | |
| Suppress in OPAC | 0 |
| Withdrawn status | Lost status | Source of classification or shelving scheme | Damaged status | Not for loan | Home library | Current library | Shelving location | Date acquired | Total Checkouts | Full call number | Barcode | Date last seen | Copy number | Price effective from | Koha item type |
|---|---|---|---|---|---|---|---|---|---|---|---|---|---|---|---|
| Dewey Decimal Classification | London | London | Journal article | 10/06/2011 | L153126 | 153126-1001 | 06/08/2019 | 1 | 06/08/2019 | Journal article |